| 000 | 00635nam a2200145Ia 4500 | ||
|---|---|---|---|
| 008 | 090122s9999 xx 000 0 und d | ||
| 082 | _b10755 | ||
| 100 |
_aआलेगांवकर _bप _cम |
||
| 245 | _aशोध : अलौकिक विचारांचा - नवनिर्मितीचा | ||
| 600 | _aआलेगांवकर | ||
| 630 | _aशोध : अलौकिक विचारांचा - नवनिर्मितीचा | ||
| 700 | _aआलेगांवकर | ||
| 730 | _aशोध : अलौकिक विचारांचा - नवनिर्मितीचा | ||
| 942 | _cBOOK | ||
| 999 |
_c34832 _d34832 |
||